00974nam a22002777a 4500003000200000005001700002008000200019010001300021020002600034035002300060037001600083040000600099082001100105100002600116245006800142260003100210270004300241300002300284650002900307650002500336700002600361942002000387999001900407952013700426952013300563020180709115011.00 aB-059940 c350.00a9788125018964 aB-059940, B-059941 bCen Lib/Ret c0 aNbRAV aRay, Pratibha 931828 aThe primal land /cby Pratibha Ray; traslated by Bikram K. Das  aNew Delhi bOreint longman bNew Delhi a1/24 Asaf ali roade110002 ax,298p.c20cm(pbk) aOriya literature 923291 aOriya fiction931773 aDas, Bikram K.931827 2ddccENhNmRAY c131462d131462 00104070aLbLd2015-07-15eCen Lib/Retg350.00l1m2oN RAVpB-059940r2026-05-08 14:40:26s2026-03-27t1v350.00w2015-07-15yEN 00102ddc40708FICaBL1bBL1d2018-07-09eBPPD/Pubg350.00l0oN RAYpB-059941r2018-07-09 00:00:00t1v350.00w2018-07-09yEN